Mecánica de suelos y cimentaciones

Salvato in:
Dettagli Bibliografici
Autore principale: Crespo Villalaz, Carlos (Autore)
Natura: Libro
Lingua:spagnolo
Pubblicazione: Ciudad de México Limusa 1998
Edizione:4a. ed
Soggetti:
Tags: Aggiungi Tag
Nessun Tag, puoi essere il primo ad aggiungerne!!

MARC

LEADER 00000nam a2200000 a 4500
001 UCP6046
003 CL-VaPUC
008 991008e19980000MX |||||||||||||||||spa|d
082 0 4 |a 624.151  |b CRE  |2 21 
100 0 |a Crespo Villalaz, Carlos  |e author  |9 434848 
245 1 0 |a Mecánica de suelos y cimentaciones 
250 |a 4a. ed 
300 |a 639 p 
942 |c BK 
945 |d 19991008 00:00:00  |a rbrito 
260 |a Ciudad de México  |b Limusa  |c 1998 
650 7 |a MECANICA DE SUELO  |2 CL-VaPUC  |9 434849 
650 7 |a FISICA DE SUELOS  |2 CL-VaPUC  |9 434850 
650 0 |a Análisis de suelos   |9 524831 
650 7 |a CIMENTACIONES  |2 CL-VaPUC  |9 260323 
650 7 |a PILOTES  |2 CL-VaPUC  |9 363915 
583 |a last modification  |c 20180402 12:38:47  |k Rodrigo Vera 
999 |c 283675  |d 283673 
952 |0 0  |1 0  |4 0  |6 624_151000000000000_CRE_1998  |7 0  |8 A  |9 327030  |a BIBING  |b BIBING  |d 2019-11-20  |i 3764001  |l 4  |m 2  |o 624.151 CRE 1998  |p 3764001  |r 2025-01-20  |s 2024-08-13  |w 2019-11-20  |y BK  |k CCL